Statistics for Guess The Lyrics #11

Click here to take the quiz!

General Stats

  • This quiz has been taken 917 times
  • The average score is 80 of 160

Answer Stats

Answer% Correct
I
99%
a
98%
A
98%
you
94%
You
94%
The
92%
the
92%
To
79%
to
79%
can
77%
it
77%
on
77%
in
72%
My
69%
my
69%
will
65%
have
63%
of
62%
could
60%
If
60%
if
60%
see
60%
am
59%
all
58%
What
58%
know
55%
are
54%
not
50%
this
49%
would
49%
only
41%
But
40%
down
39%
feel
39%
make
39%
way
39%
time
36%
thing
35%
let
33%
end
30%
find
28%
here
28%
myself
28%
today
28%
hurt
27%
still
27%
away
26%
that's
26%
everything
24%
Goes
23%
real
23%
Try
23%
friend
22%
right
22%
Everyone
20%
pain
20%
kill
19%
again
18%
become?
18%
dirt
18%
empire
17%
keep
17%
old
17%
someone
17%
start
17%
focus
15%
remember
14%
tears
14%
hole
13%
needle
13%
sweetest
12%
crown
11%
familiar
11%
Upon
11%
wear
11%
else
10%
miles
10%
million
10%
sting
10%
broken
9%
feelings
9%
thoughts
9%
chair
8%
Full
8%
liar's
8%
repair
7%
sh*t
7%
Beneath
6%
disappear
6%
stains
5%

Score Distribution

Percentile by Number Answered

Percent of People with Each Score

Your Score History

You have not taken this quiz